<?xml version="1.0" encoding="UTF-8"?>
<collection xmlns="http://www.loc.gov/MARC21/slim">
 <record>
  <leader>00765nam a2200193 a 4500</leader>
  <controlfield tag="001">1/53925</controlfield>
  <controlfield tag="008">211012s1997    gr            000 | eng d</controlfield>
  <datafield tag="040" ind1=" " ind2=" ">
   <subfield code="a">GR-PeUP</subfield>
  </datafield>
  <datafield tag="082" ind1="0" ind2="0">
   <subfield code="a">796.42 IAA</subfield>
  </datafield>
  <datafield tag="111" ind1="2" ind2="0">
   <subfield code="a">IAAF World Championships In Athletics</subfield>
   <subfield code="n">(6th :</subfield>
   <subfield code="d">1997 :</subfield>
   <subfield code="c">Athens)</subfield>
  </datafield>
  <datafield tag="245" ind1="1" ind2="0">
   <subfield code="a">Athens 97 :</subfield>
   <subfield code="b">6th IAAF world championships in athletics.</subfield>
  </datafield>
  <datafield tag="260" ind1=" " ind2=" ">
   <subfield code="a">Αθήνα :</subfield>
   <subfield code="b">Κεντρική Οργανωτική Επιτροπή 6ου Παγκοσμίου Πρωταθλήματος,</subfield>
   <subfield code="c">1997.</subfield>
  </datafield>
  <datafield tag="300" ind1=" " ind2=" ">
   <subfield code="a">176 σ. ;</subfield>
   <subfield code="c">24 εκ.</subfield>
  </datafield>
  <datafield tag="650" ind1=" " ind2="4">
   <subfield code="a">Στίβος.</subfield>
  </datafield>
  <datafield tag="650" ind1=" " ind2="4">
   <subfield code="a">Αθλητισμός.</subfield>
  </datafield>
  <datafield tag="650" ind1=" " ind2="0">
   <subfield code="a">Athletics</subfield>
   <subfield code="z">Greece</subfield>
   <subfield code="x">History.</subfield>
  </datafield>
  <datafield tag="650" ind1=" " ind2="0">
   <subfield code="a">Track and field</subfield>
   <subfield code="z">Greece.</subfield>
  </datafield>
  <datafield tag="852" ind1=" " ind2=" ">
   <subfield code="a">INST</subfield>
   <subfield code="b">UNIPILB</subfield>
   <subfield code="c">MAIN</subfield>
   <subfield code="e">20211012</subfield>
   <subfield code="h">796.42 IAA</subfield>
   <subfield code="p">00185736</subfield>
   <subfield code="q">00185736</subfield>
   <subfield code="t">LOAN</subfield>
   <subfield code="y">0</subfield>
   <subfield code="4">1</subfield>
  </datafield>
  <datafield tag="960" ind1=" " ind2=" ">
   <subfield code="a">ΜΑΡΙΑ ΒΕΛ</subfield>
  </datafield>
 </record>
</collection>
